Flaggen mit Halbmonden - Statistiken

Allgemein
  • Dieses Quiz wurde 2.932 mal gespielt
  • Das Durchschnittsergebnis liegt bei 17 aus 19
Antwortstatistiken
Bildquiz Antwort % Korrekt
Türkei
99%
Iran
98%
Kroatien
98%
Algerien
96%
Nepal
96%
Tunesien
95%
Pakistan
94%
Malaysia
93%
Aserbaidschan
91%
Singapur
91%
Moldawien
88%
Turkmenistan
88%
Usbekistan
88%
Mongolei
85%
Libyen
79%
Brunei
78%
Malediven
76%
Mauretanien
74%
Komoren
65%
Keine übereinstimmenden Quizze gefunden
Verteilung der Resultate
Anzahl Personen mit jedem Resultat
Perzentil nach korrekt beantworteten Fragen
Ihre Resultats-Entwicklung
Sie haben dieses Quiz noch nicht gespielt